Statistiche per Primi 15 paesi interessati da Covid-19 - 4 gennaio

Clicka qui per fare il quiz!

Statistiche generali

  • Questo quiz è stato fatto 8 volte
  • Il punteggio medio è 16 su 29

Statistiche sulle risposte

paese% Corretto
Brasile
100%
Francia
100%
Germania
100%
Italia
100%
Stati Uniti
100%
India
88%
Messico
88%
Russia
88%
Spagna
88%
Argentina
75%
Regno Unito
75%
Svizzera
75%
Belgio
63%
Paesi Bassi
63%
Polonia
63%
Svezia
63%
Cechia
50%
Slovenia
50%
Colombia
38%
Iran
38%
Israele
25%
Turchia
25%
Croazia
13%
Lituania
13%
Armenia
0%
Bahrain
0%
Georgia
0%
Panama
0%
Qatar
0%

Distribuzione punteggi

Percentile per numero di risposta

Percentuale di utenti per punteggio

I tuoi punteggi nel tempo

Non hai fatto questo quiz